I, the King

Salvato in:
Dettagli Bibliografici
Autore principale: Keyes, Frances Parkinson
Natura: Libro
Lingua:English
Pubblicazione: New York, Estados Unidos Mc Graw-Hill 1966
Soggetti:
Tags: Aggiungi Tag
Nessun Tag, puoi essere il primo ad aggiungerne!!

MARC

LEADER 00000nam a2200000Ia 4500
008 170316s9999 xx 000 0 eng d
040 |a cru BVZT 
090 |a 810 K-15i 
100 |a Keyes, Frances Parkinson 
245 |a I, the King 
260 |a New York, Estados Unidos 
260 |b Mc Graw-Hill 
260 |c 1966 
300 |a 367 páginas 
650 |a LITERATURA ESTADOUNIDENSE 
999 |c 5810  |d 5810 
942 |c 15 D  |h 810 K-15i  |2 z